Statistiques concernant Carte des itinéraires historiques de l'Orient-Express

Cliquez ici pour prendre le quiz!

Statistiques générales

  • Ce quiz a été pris 4 910 fois
  • Le résultat moyen est 14 sur 18

Réponses sur la Carte

Les réponses sont colorées sur une échelle allant du rouge au vert en fonction du pourcentage des utilisateurs qui les ont devinées à leur premier essai. Vous pouvez retrouver ces pourcentages ci-dessous.
 

Statistiques - réponses

Ville% Correct
Paris
100%
Londres
99%
Athènes
94%
Strasbourg
94%
Milan
93%
Vienne
92%
Istanbul
90%
Budapest
86%
Bucarest
85%
Munich
83%
Venise
83%
Calais
82%
Sofia
82%
Zurich
82%
Belgrade
68%
Lausanne
49%
Innsbruck
30%
Varna
20%

Distribution des résultats

Percentile par nombre de réponses

% des personnes avec chaque résultat

Votre développement - résultats

Vous n’avez pas pris ce quiz